Statistics for Oklahoma City Thunder NBA Playoffs Leaders Per Year

Click here to take the quiz!

General Stats

  • This quiz has been taken 447 times
    (11 since last reset)
  • The average score is 15 of 49

Answer Stats

Players% Correct
Shai Gilgeous-Alexander
100%
Chris Paul
90%
Kevin Durant
90%
Paul George
90%
Russell Westbrook
90%
Steven Adams
90%
Chet Holmgren
80%
Gary Payton
80%
Jalen Williams
80%
Gus Williams
70%
Kevin Williams
70%
Luguentz Dort
70%
Serge Ibaka
70%
Shawn Kemp
70%
Carmelo Anthony
60%
James Harden
40%
Ray Allen
40%
Andre Roberson
30%
Clemon Johnson
20%
Dennis Johnson
20%
Detlef Schrempf
20%
Eddie Johnson
20%
Fred Brown
20%
Horace Grant
20%
Jerami Grant
20%
John Johnson
20%
Dale Ellis
10%
Hersey Hawkins
10%
Jack Sikma
10%
Alton Lister
0%
Antonio Daniels
0%
Benoit Benjamin
0%
Corey Brewer
0%
Derrick McKey
0%
Desmond Mason
0%
James Donaldson
0%
Jerome James
0%
Lonnie Shelton
0%
Marvin Webster
0%
Nate McMillan
0%
Olden Polynice
0%
Reggie Evans
0%
Ricky Pierce
0%
Sedale Threatt
0%
Slick Watts
0%
Tom Burleson
0%
Tom Chambers
0%
Vin Baker
0%
Xavier McDaniel
0%

Score Distribution

Percentile by Number Answered

Percent of People with Each Score

Your Score History

You have not taken this quiz since the last reset